| 000 | 00613cab a22001935a 4500 | ||
|---|---|---|---|
| 001 | L154302 | ||
| 008 | 111110s2011 xxk 000 0 eng d | ||
| 035 | _a(Sirsi) u154302 | ||
| 041 | 0 | _aeng | |
| 100 | 1 | _aConner, Nick | |
| 245 | 0 | 0 |
_aLetting and the law of contract _bagents and principals |
| 260 | _c2011 | ||
| 490 |
_aLetting Update Journal _v19(3) October 2011, 14-16(3) |
||
| 520 | _aConsiders the formation of agency arrangements in letting situations and the rights and obligations of the parties. | ||
| 590 | _aKA | ||
| 651 | 4 |
_aUnited Kingdom _y |
|
| 690 | _aPROPERTY-PROPERTY AGENCY | ||
| 942 | _n0 | ||
| 999 |
_c83563 _d83563 |
||